00654 2200229 4500001002100000005001500021035002000036007000300056008004100059020002200100082001000122084001600132100002000148245008400168250001000252260003700262300003500299650003800334520003000372990001100402990001100413INLIS00000000000340320090103030427 a0010-0109000066ta090103 g 0 ind  a978-602-1351-40-6 a370.3 a370.3 MOC e0 aMOCHTAR, Kusuma1 aEvaluasi Pendidikan :bPengantar, Kompetensi dan Implementasi /cMochtar Kusuma acet.1 aYogyakarta :bParama Ilmu,c2016 ax, 238 hlm. :bilus. ;c21 cm. 4aPENDIDIKAN. EVALUASI PEMBELAJARAN aBibliografi: hlm. 237-238 a6617 a a6617 b